Cálculo diferencial e integral / (Registro nro. 33116)
[ vista simple ]
| 000 -CABECERA | |
|---|---|
| Longitud fija campo de control | 01029nam a2200277 a 4500 |
| 003 - • IDENTIFICADOR DELl NÚMERO DE CONTROL | |
| Identificador del número de control | CO-ViMGA |
| 005 - • FECHA Y HORA DE LA ÚLTIMA TRANSACCIÓN | |
| Fecha y hora de la última transacción | 20230915232102.0 |
| 008 - • CÓDIGOS DE INFORMACIÓN DE LONGITUD FIJA | |
| Códigos de información de longitud fija | 141112s2004 ck r 000 u spa d |
| 020 ## - • NÚMERO INTERNACIONAL NORMALIZADO PARA LIBROS | |
| Número Internacional Normalizado para Libros (ISBN) | 9702609896 |
| 040 ## - FUENTE DE LA CATALOGACIÓN | |
| Centro catalogador de origen | CO-ViMGA |
| Lengua de catalogación | spa |
| Centro transcriptor | CO-ViMGA |
| 041 ## - • CÓDIGO DE LENGUA | |
| Código de lengua del texto/banda sonora o título independiente | spa eng |
| 082 04 - • NÚMERO DE LA CLASIFICACIÓN DECIMAL DEWEY | |
| Número de clasificación (R) | 517.2 P87c9 |
| 100 1# - • PUNTO DE ACCESO PRINCIPAL-NOMBRE DE PERSONA | |
| Nombre de persona | Purcell, Edwing Joseph, 1901 - |
| 245 10 - • TITULO PROPIAMENTE DICHO | |
| Título | Cálculo diferencial e integral / |
| Mención de responsabilidad, etc. | Edwing J. Purcell, Dale Varberg ; Steven E. Rigdon ; traducción Victor Hugo Ibarra Mercado. |
| 250 ## - • MENCIÓN DE EDICIÓN | |
| Mención de edición | 9a. ed. |
| 300 ## - • DESCRIPCIÓN FÍSICA | |
| Extensión | [505] p. en varias paginaciones : il. ; 27 cm. |
| 500 ## - • NOTA GENERAL | |
| Nota general | Incluye índice. |
| 650 14 - • PUNTO DE ACCESO ADICIONAL DE MATERIA - TÉRMINO DE MATERIA | |
| Término de materia o nombre geográfico como elemento inicial | Cálculo diferencial - Problemas, ejercicios, etc. |
| 700 1# - • PUNTO DE ACCESO ADICIONAL - NOMBRE DE PERSONA | |
| Nombre de persona | Varberg, Dale E. |
| 852 ## - LOCALIZACIÓN | |
| -- | 7.648.30 |
| 942 ## - ENTRADA DE ELEMENTOS AGREGADOS (KOHA) | |
| Fuente de clasificaión o esquema | Dewey Decimal Classification |
| Koha [por defecto] tipo de item | LIbro |
| 949 ## - TRATAMIENTO DE LA INFORMACIÓN LOCAL (OCLC) | |
| a | n n |
| Perdido | Fuente de clasificación o esquema | Estado Físico | No para préstamo | Forma de adquisición | Localización permanente | Localización actual | Fecha adquisición | Serie de enumeración / cronolog&íacute;a | Préstamos totales | Signatura completa | Código de barras | Fecha última consulta | Número de copia | Fecha del precio de reemplazo | Tipo de item de Koha | Localización en estanterías |
|---|---|---|---|---|---|---|---|---|---|---|---|---|---|---|---|---|
| Dewey Decimal Classification | Colección General | Biblioteca Pública Restrepo | Biblioteca Pública Restrepo | 07/24/2025 | 517.2 P87c9 | RES00736 | 07/24/2025 | Ej.1 | 07/24/2025 | LIbro | General | |||||
| Dewey Decimal Classification | Sala General Segundo Piso | Biblioteca Pública Germán Arciniegas - Villavicencio | Biblioteca Pública Germán Arciniegas - Villavicencio | 12/04/2015 | 30/may/2014 | 517.2 P87c9 | 26737 | 12/04/2015 | Ej. 1 | 12/04/2015 | LIbro |